000 00276nam a2200097Ia 4500
001 1197360
005 20250827021825.0
008 250824s9999 xx 000 0 und d
245 0 _aBİYOGRAFİSİNE SIĞMAYAN KADIN HALİDE EDİB
_cİPEK ÇALIŞLAR
260 _bEVEREST YAYINLARI
999 _c1197360
_d1197360